| 000 | 00000nam##2200000za#4500 |
| 001 | 9.699403 |
| 003 | CaOODSP |
| 005 | 20250506145324 |
| 007 | cr ||||||||||| |
| 008 | 150407|1982||||xxc|||||o f|0| 0 eng|d |
| 040 | |aCaOODSP|beng |
| 043 | |an-cn--- |
| 086 | 1 |aA15-1743/1982E-PDF |
| 110 | 1 |aCanada.|bAgriculture Canada. |
| 245 | 10|aImproving Canada's farm weather service |h[electronic resource] |
| 260 | |aOttawa - Ontario : |bAgriculture Canada |cc1982. |
| 300 | |a10p.|bmaps |
| 500 | |aHistorical publication digitized by Agriculture and Agri-Food Canada. |
| 590 | |a14-11-Supp|b2014-05-21 |
| 690 | 07|aFarming|2gcpds |
| 690 | 07|aWeather forecasts|2gcpds |
| 775 | 08|tAmélioration du service agrométéorologique canadien |w(CaOODSP)9.643391 |
| 856 | 40|ahttp://publications.gc.ca|qPDF|s579 KB|uhttps://publications.gc.ca/collections/collection_2014/aac-aafc/agrhist/A15-1743-1982-eng.pdf |
| 986 | |a1743/E |